• 首页
  • 本馆介绍
  • 公告通知
  • 最新文献
  • 馆藏检索
  • 电子资源
  • 读者导购
  • 参考咨询
  • 我的图书馆
  • 登录
  • 详细信息显示
  • 放入我的书架
  • 预约/预借图书
  • 作者相关作品
  • 分类相关作品
  • 丛书相关作品
  • 出版社相关作品

书目信息

  • 表格格式
  • 工作单格式
  • 卡片格式
题名:
爱祖国·爱澳门
    
 
作者: 岑寒山 编撰
分册:  
出版信息: 天津   天津教育出版社  1998
页数: 115页
开本: 20cm
丛书名: 今日澳门丛书
单 册:
中图分类: D647
科图分类:
主题词: 政治--中国
电子资源:
ISBN: 7-5309-2861-9
000 00668nam0 2200229 450
001 0758981910
005 20070727145752.82
010    @a7-5309-2861-9@dCNY4.00
100    @a20070723d1998 km y0chiy0120 ea
101 0  @achi
102    @aCN@b120000
200 1  @a爱祖国·爱澳门@Aai zu guo·ai ao men@e中学生读本@f岑寒山编撰@Fcen han shan bian zhuan
210    @a天津@c天津教育出版社@d1998
215    @a115页@d20cm
225    @a今日澳门丛书
410  0 @12001 @a今日澳门丛书
517 1  @a中学生读本@Azhong xue sheng du ben
606 0  @a政治@x中国
690    @aD647@v3
701  0 @a岑寒山@Acen han shan@4编撰
801  0 @aCN@bPFT@c20070727
905    @a10447@dD647@e151
    
    爱祖国·爱澳门:中学生读本/岑寒山编撰.-天津:天津教育出版社,1998
    115页;20cm.-(今日澳门丛书)
    
    
    ISBN 7-5309-2861-9:CNY4.00
    
●
相关链接 在E读中查询图书 在五车中查询图书 在当当中查询图书 在豆瓣中查询图书


正题名:爱祖国·爱澳门     索取号:D647/151         预约/预借

序号 登录号 条形码 馆藏地/架位号 状态 备注
1 0782348   207823480   第一样本阅览室/ [索取号:D647/151] 在馆    
唐山师范学院图书馆 欢迎您!
大连网信软件有限公司© 版权所有